000 00994nam a2200289 a 4500
003 CO-ViMGA
005 20230915225025.0
008 090722s1997 ck a gr 00010 spa d
015 _ack-1997-xxxx
020 _a9582003200
040 _aCO-ViMGA
_bspa
_cCO-ViMGA
082 0 4 _a302.2
_bS81f3
_220
100 1 _aSuárez Higuera, María del C.
_967
245 1 0 _aFamilia y valores :
_bmódulo 1, escuela de padres, construyendo lo nuestro /
_cMaría del C. Suárez Higuera.
260 _aSanta Fe de Bogotá :
_bCooperativa Editorial Magisterio,
_c1997.
300 _a156 p. :
_bil. ;
_c24 cm.
440 0 _aColección aula abierta
_968
504 _aIncluye bibliografía.
650 1 4 _aFamilia.
_972
650 1 4 _aPadres e hijos.
_971
650 6 _aComunicación interpersonal en familia.
_970
650 6 _aComunicación
_x Enseñanza.
_969
650 6 _aEducación para la vida familiar.
_973
650 6 _aEscuela de padres.
_974
942 _2ddc
_cBK
949 _ac
_bn
999 _c12040
_d12040